Most watched Netflix originals - Statistics

General Stats
  • This quiz has been taken 22 times
    4 since last reset
  • The average score is 1 of 10
Answer Stats
# Movie % Correct
325m KPop Demon Hunters
100%
231m Red Notice
25%
147m Back in Action
0%
157m Bird Box
0%
172m Carry-On
0%
138m Damsel
0%
171m Don't Look Up
0%
143m Leave the World Behind
0%
158m The Adam Project
0%
139m The Gray Man
0%
No matching quizzes found
Score Distribution
Percent of People with Each Score
Percentile by Number Answered
Your Score History
You have not taken this quiz since the last reset